<The> Greatest gamblers <the> epic of American oil exploration
Uložené v:
| Hlavný autor: | |
|---|---|
| Médium: | Kniha |
| Jazyk: | English |
| Vydavateľské údaje: |
Norman
University of Oklahoma Press
1980
|
| Vydanie: | 2. ed., 2.print. |
| Predmet: | |
| Tagy: |
Žiadne tagy, Buďte prvý, kto otaguje tento záznam!
|
MARC
| LEADER | 00000nam a2200000 4500 | ||
|---|---|---|---|
| 001 | c124683 | ||
| 005 | 20221123135332.3 | ||
| 041 | 0 | |a eng | |
| 044 | |a US | ||
| 245 | 1 | 0 | |a <The> Greatest gamblers |b <the> epic of American oil exploration |c Ruth Sheldon Knowles |
| 250 | |a 2. ed., 2.print. | ||
| 264 | 1 | |a Norman |b University of Oklahoma Press |c 1980 | |
| 300 | |a 376 s. | ||
| 610 | 2 | 0 | |a ropa |
| 610 | 2 | 0 | |a prieskum geologický |
| 610 | 2 | 0 | |a USA |
| 610 | 2 | 0 | |a ťažba surovín |
| 100 | 1 | |a Knowles, Ruth Sheldon | |